000 01010nam a22002295i 4500
001 164575
003 ES-MaACL
005 20250721134712.0
008 991125s1898 sp |||| | spa d
100 1 _aSánchez de Toca, Joaquín,
_d1852-1942
_9102598
245 1 0 _aDel poder naval en España :
_by su política económica para la nacionalidad ibero-americana /
_cpor Joaquín Sánchez de Toca ; [con carta prólogo de Francisco Silvela].
260 _aMadrid :
_b[s.n.],
_c1898 (
_fImp. de los Hijos M.G. Hernández)
300 _a[10], XLII, 430, [7] p. ;
_c22 cm.
530 _aDisponible en formato digital.
650 4 _aConstrucción naval-
_zEspaña.
_9158845
651 4 _aEspaña-
_xColonias-
_yS.XIX
_98176
651 4 _aEspaña-
_xPolítica naval.
_9158846
700 1 _aSilvela, Francisco,
_d1845-1905
_9106425
852 4 _aES-MaACL
_jF-8359
_z- Enc. pasta
856 _uhttp://bdh-rd.bne.es/viewer.vm?id=0000113854&page=1
_zBiblioteca Digital Hispánica
999 _c164575
_d164575